000 00696nam a2200289Ia 4500
005 20260324124512.0
008 008 260324s9999 xx 000 0 eng d
020 _a9780203840627
037 _aEBOOK
040 _aCRL
040 _beng
040 _cCRL
041 _2eng
041 _aeng
084 _qCRL
100 _aPamela May
_91174402
245 0 _aChild Development in Practice
245 0 _bResponsive Teaching and Learning from Birth to Five
260 _bTaylor and Francis
260 _c2010
365 _a
365 _b205
856 _uhttp://www.taylorfrancis.com/books/9780203840627
942 _cEBOOK
999 _c1768828
_d1768828